[Event "Reykjavik Open"]
[Site "Reykjavik ISL"]
[Date "2012.03.10"]
[Round "5.55"]
[White "Huizer, Mark"]
[Black "Ontiveros, John"]
[Result "1-0"]
[WhiteTitle "CM"]
[WhiteElo "2122"]
[BlackElo "1763"]
[WhiteFideId "1005839"]
[BlackFideId "2303981"]
[EventDate "2012.03.06"]

1. Nf3 Nf6 2. c4 e6 3. b3 Be7 4. g3 c6 5. Bb2 d5 6. Bg2 O-O 7. O-O Nbd7 8. d3 b5
9. Nbd2 Bb7 10. Qc2 Rc8 11. Rac1 Qa5 12. a3 Bxa3 13. Ra1 b4 14. Nb1 Qb6 15. Nxa3
bxa3 16. Rxa3 c5 17. Bc3 a6 18. Rb1 Qd6 19. Nd2 h5 20. b4 Rb8 21. bxc5 Nxc5 22.
d4 Nce4 23. Bb4 Qc7 24. Bxf8 Kxf8 25. Nxe4 dxe4 26. Rab3 h4 27. Qb2 hxg3 28.
Rxb7 gxf2+ 29. Kf1 Qxh2 30. Rxb8+ Ne8 31. Rxe8+ 1-0

[Event "Reykjavik Open"]
[Site "Reykjavik ISL"]
[Date "2012.03.10"]
[Round "5.56"]
[White "Forsa, Elise"]
[Black "Skoien, Havard"]
[Result "0-1"]
[WhiteElo "1789"]
[BlackElo "2121"]
[WhiteFideId "1500163"]
[BlackFideId "1503278"]
[EventDate "2012.03.06"]

1. e4 e6 2. d4 d5 3. Nc3 Bb4 4. e5 Qd7 5. a3 Bf8 6. Be3 Ne7 7. Nf3 b6 8. Bd3 Ba6
9. Ne2 Bxd3 10. Qxd3 Nf5 11. Bc1 c5 12. c3 c4 13. Qc2 Nc6 14. b3 cxb3 15. Qxb3
Na5 16. Qd1 Rc8 17. a4 Qc6 18. O-O Qc4 19. Ne1 h5 20. Nc2 Nb3 21. Na3 Bxa3 22.
Rxa3 Na5 23. Ra1 Qb3 24. Qxb3 Nxb3 25. Rb1 Na5 26. Rd1 Kd7 27. Ba3 Nc4 28. Rb3
Rc6 29. Bb4 a5 30. Ba3 Rhc8 31. Bc1 Rh8 32. Bg5 Rhc8 33. Rd3 Rf8 34. Bf4 Rg8 35.
Ng3 Nxg3 36. Bxg3 f6 37. f4 g5 38. fxg5 fxg5 39. Rb1 Rf8 40. Rf1 Rcc8 41. Rxf8
Rxf8 42. Rd1 h4 43. Bf2 Kc6 44. Rb1 Kc7 45. Rb5 Rh8 46. Kf1 Rf8 47. Ke2 Rf4 48.
Rb3 Kd7 49. Rb1 Ke7 50. Ra1 Kf7 51. Ra2 Kg6 52. Ra1 Rf8 53. Rf1 Rf5 54. Rb1 Kh5
55. Ra1 Rf7 56. Rc1 g4 57. Rb1 Rf4 58. Rc1 Re4+ 59. Kf1 Nd2+ 60. Kg1 Nc4 61. Rc2
Rf4 62. Re2 Rf7 63. Re1 Rc7 64. Rb1 Kg5 65. Be1 Rf7 66. Rc1 h3 67. gxh3 gxh3 68.
Rc2 Ne3 69. Rf2 Rxf2 70. Kxf2 Nc4 71. Kg3 Nb2 72. Kxh3 Nxa4 73. Bh4+ Kh5 74. Bd8
Nxc3 75. Bxb6 a4 76. Ba5 Nb5 77. Bd2 Nxd4 78. Bc1 Nc2 79. Kg3 a3 80. Kf3 a2 81.
Bb2 a1=Q 82. Bxa1 Nxa1 83. Ke3 Nb3 84. Kd3 Nc5+ 0-1

[Event "Reykjavik Open"]
[Site "Reykjavik ISL"]
[Date "2012.03.10"]
[Round "5.59"]
[White "Kristinardottir, Elsa Maria"]
[Black "Bjarnason, Saevar"]
[Result "0-1"]
[BlackTitle "IM"]
[WhiteElo "1734"]
[BlackElo "2092"]
[WhiteFideId "2300370"]
[BlackFideId "2300176"]
[EventDate "2012.03.06"]

1. e4 e6 2. d4 d5 3. exd5 exd5 4. Bd3 Nc6 5. c3 Bd6 6. Qe2+ Nge7 7. Bg5 O-O 8.
Qh5 f5 9. Ne2 h6 10. Bf4 Bxf4 11. Nxf4 Qd6 12. Qf3 Be6 13. Nxe6 Qxe6+ 14. Kd2
Rad8 15. Na3 a6 16. Rae1 Qd6 17. h4 Rf6 18. h5 b5 19. Nc2 b4 20. Rh4 bxc3+ 21.
bxc3 Na5 22. Qe2 Re8 23. Bxa6 Qxa6 24. Qxa6 Rxa6 25. Nb4 Raa8 26. Re6 Kf7 27.
Ra6 Rxa6 28. Nxa6 Nc4+ 29. Kd3 c6 30. Rh1 Ra8 31. Nb4 Ra3 32. Re1 Nd6 33. f3 Nb5
34. Rc1 Ke6 35. Rc2 Kd6 36. Kd2 Ra4 37. Nd3 Na3 38. Rc1 Nc4+ 39. Ke1 Rxa2 40.
Nf2 f4 41. Nd3 Rxg2 0-1

[Event "Reykjavik Open"]
[Site "Reykjavik ISL"]
[Date "2012.03.10"]
[Round "5.60"]
[White "Hardarson, Jon Trausti"]
[Black "Myrstad, Odd Magnus"]
[Result "1/2-1/2"]
[WhiteElo "1688"]
[BlackElo "2091"]
[WhiteFideId "2302594"]
[BlackFideId "1504851"]
[EventDate "2012.03.06"]

1. e4 e5 2. Nf3 Nf6 3. Nxe5 d6 4. Nf3 Nxe4 5. Nc3 Nxc3 6. dxc3 Be7 7. Be3 O-O 8.
Qd2 a5 9. O-O-O Be6 10. Kb1 Nd7 11. h4 Ne5 12. h5 c5 13. Ng5 Bf5 14. f4 Ng4 15.
Bc4 Qc8 16. Rhe1 Nh6 17. Qd5 Qc7 18. Bd3 Qc8 19. Bxf5 1/2-1/2

[Event "Reykjavik Open"]
[Site "Reykjavik ISL"]
[Date "2012.03.10"]
[Round "5.61"]
[White "Vrban, Damir"]
[Black "Hansen, Erle Andrea Marki"]
[Result "1/2-1/2"]
[WhiteElo "2152"]
[BlackElo "1793"]
[WhiteFideId "14508630"]
[BlackFideId "1508229"]
[EventDate "2012.03.06"]

1. e4 c5 2. Nc3 Nc6 3. g3 g6 4. Bg2 Bg7 5. Nge2 d6 6. a3 e6 7. Rb1 a5 8. Nb5 Nd4
9. Nbxd4 cxd4 10. b4 axb4 11. Rxb4 e5 12. Bb2 Ne7 13. d3 Nc6 14. Rb5 Qe7 15. O-O
Bd7 16. c3 Na5 17. Rb4 Nc6 18. Rb5 Na5 19. Rb4 Nc6 20. Rb5 Na5 1/2-1/2

[Event "Reykjavik Open"]
[Site "Reykjavik ISL"]
[Date "2012.03.10"]
[Round "5.62"]
[White "Lee, Kai Jie Edward"]
[Black "Sjol, Henrik"]
[Result "1-0"]
[WhiteElo "2093"]
[BlackElo "1892"]
[WhiteFideId "5802920"]
[BlackFideId "1505629"]
[EventDate "2012.03.06"]

1. e4 c6 2. d4 d5 3. Nc3 dxe4 4. Nxe4 Bf5 5. Ng3 Bg6 6. h4 h6 7. Nf3 Nd7 8. h5
Bh7 9. Bd3 Bxd3 10. Qxd3 e6 11. Bd2 Ngf6 12. O-O-O Qc7 13. Ne4 Nxe4 14. Qxe4 Nf6
15. Qe2 O-O-O 16. g3 Bd6 17. Ne5 c5 18. Rh4 Kb8 19. Nc4 Ka8 20. Qf3 cxd4 21.
Rxd4 Nd5 22. Nxd6 Rxd6 23. Bf4 Rc8 24. R1d2 Nxf4 25. Rxd6 Nd5 26. Qa3 Qc4 27.
Rd7 Qf1+ 28. Rd1 Qxf2 29. Qb3 b6 30. R1xd5 1-0

[Event "Reykjavik Open"]
[Site "Reykjavik ISL"]
[Date "2012.03.10"]
[Round "5.64"]
[White "Ziska, Andrias"]
[Black "Jonsson, Pall Leo"]
[Result "1-0"]
[WhiteElo "1900"]
[BlackElo "2057"]
[WhiteFideId "7200587"]
[BlackFideId "2302365"]
[EventDate "2012.03.06"]

1. e4 e6 2. d4 d5 3. Nc3 Nf6 4. Bg5 Be7 5. e5 Nfd7 6. Bxe7 Qxe7 7. Nf3 O-O 8.
Bd3 c5 9. dxc5 Nxc5 10. O-O Nc6 11. Re1 a6 12. Ne2 f6 13. Ng3 f5 14. Qd2 Ne4 15.
Qc1 Bd7 16. a3 Rac8 17. b4 b5 18. Qb2 Be8 19. Rad1 g5 20. Nd2 Qg7 21. Bxe4 fxe4
22. Ndxe4 dxe4 23. Rxe4 Bg6 24. Re2 Qc7 25. Rd6 Rfd8 26. Red2 Rxd6 27. exd6 Qd7
28. Nf1 Nd8 29. Ne3 Nb7 30. Qe5 Rc6 31. Ng4 Qg7 32. Qxe6+ Bf7 33. Nf6+ Kh8 34.
Qe7 Bg8 35. Qxg7+ 1-0

[Event "Reykjavik Open"]
[Site "Reykjavik ISL"]
[Date "2012.03.10"]
[Round "5.65"]
[White "Ingason, Sigurdur"]
[Black "Edvardsen, Ragnar"]
[Result "0-1"]
[WhiteElo "1878"]
[BlackElo "2045"]
[WhiteFideId "2301709"]
[BlackFideId "1502719"]
[EventDate "2012.03.06"]

1. c4 e5 2. g3 Nf6 3. Bg2 d5 4. cxd5 Nxd5 5. Nc3 Nb6 6. Nf3 Nc6 7. O-O Be7 8. a3
Be6 9. b4 f5 10. b5 Nd4 11. Nxe5 Bb3 0-1

[Event "Reykjavik Open"]
[Site "Reykjavik ISL"]
[Date "2012.03.10"]
[Round "5.66"]
[White "Thorell, Viktor"]
[Black "Sigurdarson, Emil"]
[Result "1/2-1/2"]
[WhiteElo "2034"]
[BlackElo "1769"]
[WhiteFideId "1715488"]
[BlackFideId "2304163"]
[EventDate "2012.03.06"]

1. Nf3 d5 2. b3 Nf6 3. Bb2 Bf5 4. e3 e6 5. Be2 Bd6 6. d4 c6 7. O-O Nbd7 8. c4
Qc7 9. Nc3 Bg4 10. h3 Bxf3 11. Bxf3 Qd8 12. e4 dxe4 13. Nxe4 Nxe4 14. Bxe4 Qh4
15. Qg4 Qxg4 16. hxg4 Nf6 17. Bf3 h6 18. Rfe1 O-O-O 19. Bc3 Bc7 20. b4 Rd7 21.
Rad1 Rhd8 22. Rc1 Kb8 23. b5 cxb5 24. Rb1 bxc4 25. Rxb7+ Kc8 26. Rb4 Bb6 27. Rc1
Nd5 28. Ba1 Rc7 29. a4 a6 30. Rbb1 Ba5 31. Be2 Nb6 32. Bc3 Bxc3 33. Rxc3 Rd6 34.
a5 Nd5 35. Rxc4 Rxc4 36. Bxc4 Nc7 37. Rd1 Kd7 38. f4 Nb5 39. d5 exd5 40. Rxd5
Rxd5 41. Bxd5 f6 42. Bb7 Nc7 43. Kf2 Kd6 44. Kf3 Kc5 45. g5 hxg5 46. fxg5 Kb4
47. gxf6 gxf6 48. Kf4 Ne8 49. g4 Kxa5 50. g5 fxg5+ 51. Kxg5 1/2-1/2

[Event "Reykjavik Open"]
[Site "Reykjavik ISL"]
[Date "2012.03.10"]
[Round "5.67"]
[White "De Winter, Eric"]
[Black "Thorsteinsdottir, Hallgerdur"]
[Result "1/2-1/2"]
[WhiteElo "1852"]
[BlackElo "1959"]
[WhiteFideId "1033069"]
[BlackFideId "2302454"]
[EventDate "2012.03.06"]

1. c4 Nf6 2. Nc3 g6 3. g3 d5 4. cxd5 Nxd5 5. Bg2 Nb6 6. Nf3 Bg7 7. O-O O-O 8. h3
Nc6 9. d3 e5 10. Be3 Nd4 11. Kh2 c6 12. Rc1 Nxf3+ 13. Bxf3 Be6 14. Bg2 f5 15.
Bc5 Rf7 16. b3 Qd7 17. Qc2 f4 18. Ne4 Nd5 19. Ng5 Rf5 20. Nxe6 Qxe6 21. e4 fxe3
22. Bxe3 Nxe3 23. fxe3 Bh6 24. Qe2 Raf8 25. Kg1 Qd6 26. Rxf5 gxf5 27. Rc4 Rd8
28. Rh4 Qg6 29. Kh2 Bg5 30. Ra4 a6 1/2-1/2

[Event "Reykjavik Open"]
[Site "Reykjavik ISL"]
[Date "2012.03.10"]
[Round "5.68"]
[White "Finnbogadottir, Tinna Kristin"]
[Black "Sigurjonsson, Siguringi"]
[Result "0-1"]
[WhiteElo "1810"]
[BlackElo "1944"]
[WhiteFideId "2300214"]
[BlackFideId "2300397"]
[EventDate "2012.03.06"]

1. e4 d6 2. d4 g6 3. Nc3 a6 4. f4 Bg7 5. Nf3 b5 6. Bd3 Bb7 7. Be3 Nf6 8. a3 Nbd7
9. h3 c5 10. dxc5 Nxc5 11. Nd2 Nh5 12. Kf2 e5 13. Qf3 exf4 14. Bxf4 Nxf4 15.
Qxf4 O-O 16. Nf3 f5 17. exf5 Nxd3+ 18. cxd3 Rxf5 19. Qg4 Qb6+ 20. d4 Bxd4+ 21.
Kg3 Bxf3 22. gxf3 Bxc3 23. bxc3 Raf8 24. Rhf1 Qe3 25. Rae1 Rxf3+ 26. Rxf3 Qxe1+
27. Kg2 Qe2+ 28. Kg3 Qxf3+ 29. Qxf3 Rxf3+ 30. Kxf3 Kf7 31. Ke3 Ke6 32. Ke4 h6
33. Kd4 a5 34. Ke4 h5 35. Kf4 d5 36. Kg5 b4 37. axb4 a4 38. b5 a3 39. Kxg6 a2
40. Kxh5 a1=Q 41. Kg5 Qb1 42. Kf4 Qb3 43. b6 Qxc3 44. Kg5 Qxh3 45. b7 Qh8 0-1

[Event "Reykjavik Open"]
[Site "Reykjavik ISL"]
[Date "2012.03.10"]
[Round "5.69"]
[White "Ghaderi, Arman K"]
[Black "Bharat, Vijay"]
[Result "1-0"]
[WhiteElo "1772"]
[BlackElo "1941"]
[WhiteFideId "1511890"]
[BlackFideId "5032784"]
[EventDate "2012.03.06"]

1. e4 c5 2. Nf3 d6 3. d4 cxd4 4. Nxd4 Nf6 5. f3 g6 6. c4 Bg7 7. Nc3 Nc6 8. Be3
O-O 9. Be2 Qa5 10. O-O Bd7 11. Qd2 Rfd8 12. Rfd1 Nxd4 13. Bxd4 Bc6 14. a3 a6 15.
Rac1 b5 16. b4 Qxa3 17. Ra1 Qxb4 18. Rdb1 Nxe4 19. fxe4 Bxd4+ 20. Qxd4 Qc5 21.
Qxc5 dxc5 22. cxb5 axb5 23. Rxa8 Rxa8 24. Bxb5 Bxb5 25. Rxb5 Rc8 26. Kf2 Kg7 27.
Ke3 e5 28. Nd5 c4 29. Kd2 f5 30. Kc3 fxe4 31. Ne3 Kf6 32. Nxc4 e3 33. Rb2 Kf5
34. Kd3 e4+ 35. Kd4 Rd8+ 36. Kxe3 Rd3+ 37. Ke2 h5 38. Rb5+ Kf6 39. Nd2 Rd4 40.
Rb3 Kf5 41. Ke3 Ra4 42. Rb5+ Kg4 43. Nxe4 Ra3+ 44. Ke2 Kf4 45. Nd2 Re3+ 46. Kf2
Ra3 47. g3+ Kg4 48. Kg2 Rxg3+ 49. hxg3 1-0

[Event "Reykjavik Open"]
[Site "Reykjavik ISL"]
[Date "2012.03.10"]
[Round "5.70"]
[White "Johannsson, Orn Leo"]
[Black "Leite, Steinar"]
[Result "1-0"]
[WhiteElo "1939"]
[BlackElo "1707"]
[WhiteFideId "2303051"]
[BlackFideId "1510428"]
[EventDate "2012.03.06"]

1. d4 Nf6 2. Nf3 c5 3. e3 g6 4. b3 cxd4 5. exd4 d5 6. Bb2 Bg7 7. Bd3 O-O 8. O-O
Nc6 9. a3 Nh5 10. Re1 Nf4 11. Bf1 Bg4 12. h3 Bxf3 13. Qxf3 Ne6 14. c3 Ng5 15.
Qe3 e6 16. Bd3 h6 17. Nd2 Qd7 18. f4 Nh7 19. Nf3 Rae8 20. Ne5 Nxe5 21. fxe5 f5
22. exf6 Rxf6 23. a4 Ref8 24. Rf1 Rxf1+ 25. Bxf1 Nf6 26. Re1 e5 27. dxe5 Ne4 28.
c4 Qf5 29. cxd5 Ng5 30. Bd3 Qd7 31. Ba3 Re8 32. Bb2 Kh7 33. Bb5 Qe7 34. Bxe8
Qxe8 35. h4 Nf7 36. e6 Bxb2 37. exf7 Qxf7 38. Qe7 Bd4+ 39. Kh2 Kg7 40. Qxf7+
Kxf7 41. d6 1-0

[Event "Reykjavik Open"]
[Site "Reykjavik ISL"]
[Date "2012.03.10"]
[Round "5.71"]
[White "Zachariassen, John"]
[Black "Vignisson, Ingvar Egill"]
[Result "1-0"]
[WhiteElo "1939"]
[BlackElo "1558"]
[WhiteFideId "1405535"]
[BlackFideId "2309270"]
[EventDate "2012.03.06"]

1. Nf3 Nf6 2. d3 d5 3. Nbd2 Nc6 4. e4 e5 5. c3 dxe4 6. dxe4 Bd6 7. Be2 Be6 8.
Qc2 Qe7 9. Nc4 O-O 10. Bg5 h6 11. Bh4 g5 12. Bg3 Nd7 13. Ne3 f6 14. O-O Qh7 15.
Bd3 h5 16. h3 h4 17. Bh2 Ne7 18. Rfd1 Ng6 19. b3 Qh5 20. Bc4 Nc5 21. Bxe6+ Nxe6
22. Ng4 Rad8 23. b4 Ngf4 24. Bxf4 Nxf4 25. Nfh2 Be7 26. a3 Rd6 27. Rxd6 cxd6 28.
Nf1 Kh8 29. Nfe3 Qf7 30. Rd1 Rc8 31. Kh2 Ne6 32. Qb3 Nd8 33. Qxf7 Nxf7 34. Nd5
Bd8 35. Rd3 Kg7 36. Rf3 Rc4 37. Ngxf6 a5 38. Ne8+ Kg6 39. Rxf7 Kxf7 40. Nxd6+
Ke6 41. Nxc4 axb4 42. axb4 1-0

[Event "Reykjavik Open"]
[Site "Reykjavik ISL"]
[Date "2012.03.10"]
[Round "5.72"]
[White "Thjomoe, Hans Richard"]
[Black "Kjartansson, Dagur"]
[Result "0-1"]
[WhiteElo "1926"]
[BlackElo "1528"]
[WhiteFideId "1506412"]
[BlackFideId "2303299"]
[EventDate "2012.03.06"]

1. e4 c5 2. Nc3 Nc6 3. f4 g6 4. Nf3 Bg7 5. Bb5 e6 6. Bxc6 bxc6 7. d3 d5 8. O-O
Ne7 9. g4 f5 10. Ne5 Qc7 11. d4 cxd4 12. Qxd4 dxe4 13. Be3 Nd5 14. Kf2 O-O 15.
g5 Bxe5 16. Qxe5 Qxe5 17. fxe5 f4 18. Bc5 e3+ 19. Kf3 Rf5 20. Ne4 Ba6 21. Rg1
Rxe5 22. Bd4 Rf5 23. Nd6 Rff8 24. c4 Rad8 25. cxd5 Rxd6 26. Bc5 Rxd5 27. Bxf8
Kxf8 28. Kxf4 e2 29. Ke3 Re5+ 30. Kd2 Ke7 31. h4 Re4 32. Rh1 e5 33. h5 Ke6 34.
hxg6 hxg6 35. Rh7 Rd4+ 36. Ke1 Rg4 37. Kf2 Rf4+ 38. Kg2 Rf1 39. Rh1 c5 40. Re1
Bb7+ 0-1

[Event "Reykjavik Open"]
[Site "Reykjavik ISL"]
[Date "2012.03.10"]
[Round "5.74"]
[White "Sigurjonsson, Stefan Th."]
[Black "Bjorgvinsson, Andri Freyr"]
[Result "1-0"]
[WhiteElo "2117"]
[BlackElo "1544"]
[WhiteFideId "2301008"]
[BlackFideId "2306913"]
[EventDate "2012.03.06"]

1. e4 c6 2. d4 d5 3. exd5 cxd5 4. Bd3 Nc6 5. c3 Qc7 6. h3 Nf6 7. Nf3 e5 8. dxe5
Nxe5 9. Qe2 Bd6 10. Nxe5 Bxe5 11. f4 O-O 12. fxe5 Re8 13. O-O Rxe5 14. Qf2 Re8
15. Bf4 Qc6 16. Bg5 Re6 17. Na3 Bd7 18. Nc2 Qb6 19. Nd4 Ree8 20. Bxf6 Qxf6 21.
Qxf6 gxf6 22. Rxf6 Kg7 23. Raf1 Rf8 24. Bxh7 1-0

[Event "Reykjavik Open"]
[Site "Reykjavik ISL"]
[Date "2012.03.10"]
[Round "5.76"]
[White "Doell, Detlef"]
[Black "Traustason, Ingi Tandri"]
[Result "1-0"]
[WhiteElo "2067"]
[BlackElo "1824"]
[WhiteFideId "4659449"]
[BlackFideId "2302934"]
[EventDate "2012.03.06"]

1. e4 c5 2. b3 Nc6 3. Bb2 d6 4. g3 Nf6 5. Bg2 g6 6. Ne2 Bg7 7. O-O O-O 8. c3 Rb8
9. d4 cxd4 10. cxd4 d5 11. e5 Ne8 12. Nbc3 Nc7 13. Nf4 e6 14. Ba3 Re8 15. Rc1
Bf8 16. Bxf8 Rxf8 17. Qd2 f6 18. Rfe1 fxe5 19. dxe5 Qg5 20. h4 Qe7 21. Nd3 Nd4
22. Qg5 Qxg5 23. hxg5 Bd7 24. f4 Bc6 25. Nf2 Kg7 26. Ng4 Nf5 27. Kf2 h6 28.
gxh6+ Nxh6 29. Nf6 Nf5 30. Ne2 Ne8 31. g4 Nh4 32. Nd4 Nxf6 33. Nxe6+ Kg8 34.
exf6 Nxg2 35. Kxg2 Rxf6 36. g5 Rf7 37. Kg3 Re8 38. Nd4 Rxe1 39. Rxe1 Bd7 40. Re5
Rh7 41. Rxd5 Kf8 42. Rd6 Be8 43. Nf3 Rc7 44. Ne5 Rc3+ 45. Kg4 Bb5 46. Nxg6+ Ke8
47. Ne5 Be2+ 48. Kf5 Rc7 49. Re6+ Re7 50. Kf6 Rxe6+ 51. Kxe6 a5 52. g6 Kf8 53.
Kf6 b5 54. g7+ Kg8 55. Ng6 1-0

[Event "Reykjavik Open"]
[Site "Reykjavik ISL"]
[Date "2012.03.10"]
[Round "5.78"]
[White "Edakina, Maria"]
[Black "Mikalsen, Erlend"]
[Result "0-1"]
[WhiteElo "1657"]
[BlackElo "2083"]
[WhiteFideId "4156153"]
[BlackFideId "1507338"]
[EventDate "2012.03.06"]

1. e4 c5 2. Nf3 d6 3. d4 cxd4 4. Nxd4 Nf6 5. Nc3 g6 6. Be3 Bg7 7. f3 Nc6 8. Qd2
O-O 9. Be2 d5 10. Nxc6 bxc6 11. O-O e5 12. Bc5 Re8 13. Rad1 Qc7 14. Rfe1 d4 15.
Na4 Nd7 16. Bd3 Nxc5 17. Nxc5 Qd6 18. Nb3 Be6 19. Qe2 a5 20. Bc4 Reb8 21. Bxe6
Qxe6 22. Rb1 a4 23. Nc1 Bh6 24. a3 Rb5 25. Nd3 Rab8 26. Qf1 c5 27. b3 axb3 28.
Rxb3 Rxb3 29. cxb3 Qxb3 30. Nxc5 Qxa3 31. Nd7 Rd8 32. Nxe5 d3 33. Kh1 Qc3 34.
Ng4 Bg7 35. Rd1 d2 36. Qe2 Ra8 37. Qxd2 Qxd2 0-1

[Event "Reykjavik Open"]
[Site "Reykjavik ISL"]
[Date "2012.03.10"]
[Round "5.79"]
[White "Heimisson, Hilmir Freyr"]
[Black "Miettinen, Teemu"]
[Result "0-1"]
[WhiteElo "1602"]
[BlackElo "2012"]
[WhiteFideId "2309998"]
[BlackFideId "501050"]
[EventDate "2012.03.06"]

1. e4 e5 2. Nf3 Nc6 3. Bc4 Nf6 4. d3 Bc5 5. c3 d6 6. b4 Bb6 7. a4 a5 8. b5 Ne7
9. Nbd2 Ng6 10. h3 O-O 11. Nf1 Qe7 12. Ng3 Re8 13. O-O Be6 14. Bb3 Rad8 15. Be3
d5 16. exd5 Nxd5 17. Bxb6 cxb6 18. Qc2 Ndf4 19. Bxe6 Qxe6 20. Rad1 Qd5 21. d4
Nxg2 22. Qe4 Qxe4 23. Nxe4 N2h4 24. Nxh4 Nxh4 25. Ng3 f5 26. dxe5 Nf3+ 27. Kg2
Nxe5 28. Rc1 Nc4 29. Rfe1 0-1

[Event "Reykjavik Open"]
[Site "Reykjavik ISL"]
[Date "2012.03.10"]
[Round "5.80"]
[White "Shepherd, Michael"]
[Black "Gundersen, Ingvar"]
[Result "1-0"]
[WhiteElo "2011"]
[BlackElo "1814"]
[WhiteFideId "2401444"]
[BlackFideId "1709585"]
[EventDate "2012.03.06"]

1. d4 d5 2. c4 e5 3. dxe5 d4 4. Nf3 Nc6 5. g3 f6 6. exf6 Nxf6 7. Bg2 Bc5 8. O-O
O-O 9. Nbd2 a5 10. Nb3 Ba7 11. c5 a4 12. Nbxd4 Nxd4 13. Qxd4 Qxd4 14. Nxd4 Bxc5
15. Nb5 Bb6 16. Bf4 Ng4 17. e3 Ra5 18. Nxc7 g5 19. Bd6 Rf6 20. Nd5 Rxd5 21.
Bxd5+ Kg7 22. Bb4 Rh6 23. Rac1 Bd7 24. Bc5 Bd8 25. Bd4+ Kf8 26. f3 Nf6 27. Bxb7 1-0

[Event "Reykjavik Open"]
[Site "Reykjavik ISL"]
[Date "2012.03.10"]
[Round "5.81"]
[White "Dukaczewski, Piotr"]
[Black "Eriksson, Christian"]
[Result "1-0"]
[WhiteTitle "IM"]
[WhiteElo "2310"]
[BlackElo "2148"]
[WhiteFideId "1103520"]
[BlackFideId "1412159"]
[EventDate "2012.03.06"]

1. c4 e5 2. Nc3 Nf6 3. Nf3 Nc6 4. g3 d5 5. cxd5 Nxd5 6. d3 Be7 7. Bg2 Be6 8. O-O
O-O 9. a3 Nb6 10. b4 f6 11. Nd2 Nd5 12. Bb2 a6 13. Na4 Rb8 14. Rc1 Qd7 15. Nc5
Bxc5 16. Rxc5 Nce7 17. Nb3 Nb6 18. Rc1 Na4 19. Ba1 Bd5 20. e4 Bf7 21. d4 exd4
22. Nxd4 Rfd8 23. Qc2 Rbc8 24. Rfd1 Nb6 25. Nf5 Qe8 26. Ne3 Nc6 27. Nd5 Bh5 28.
Re1 Ne5 29. f4 Nec4 30. Bxf6 1-0

[Event "Reykjavik Open"]
[Site "Reykjavik ISL"]
[Date "2012.03.10"]
[Round "5.82"]
[White "Palsdottir, Soley Lind"]
[Black "Hynna, Kevin"]
[Result "1/2-1/2"]
[WhiteElo "1323"]
[BlackElo "1936"]
[WhiteFideId "2306824"]
[BlackFideId "501484"]
[EventDate "2012.03.06"]

1. e4 c6 2. d4 d5 3. exd5 cxd5 4. c4 Nf6 5. Nf3 Bg4 6. Be3 Nc6 7. c5 e5 8. Be2
e4 9. Nfd2 Bxe2 10. Qxe2 g6 11. O-O Bg7 12. Nc3 O-O 13. a3 Ne8 14. f3 Nxd4 15.
Bxd4 Bxd4+ 16. Kh1 Bxc3 17. bxc3 f5 18. fxe4 dxe4 19. Qc4+ Kg7 20. Qd4+ Qf6 21.
Rab1 Rf7 22. Nc4 Rd8 23. Qxf6+ Kxf6 24. Na5 Rdd7 25. Rb3 Rc7 26. Rb5 a6 27. Rb6+
Ke5 28. c6 bxc6 29. Nxc6+ Kd5 30. Nb4+ Kc4 31. Rxa6 Rfd7 32. g4 Rf7 33. gxf5
Rxf5 34. Kg2 Rxf1 35. Kxf1 Rf7+ 36. Ke2 Kxc3 37. Ke3 Nf6 38. Rxf6 Ra7 39. Ra6
Rd7 40. Kxe4 Rd2 41. Nd5+ Kc4 42. Nf6 Re2+ 43. Kf4 Rxh2 1/2-1/2

[Event "Reykjavik Open"]
[Site "Reykjavik ISL"]
[Date "2012.03.10"]
[Round "5.83"]
[White "Helin, Mikael"]
[Black "Fridthjofsdottir, Sigurl. Regina"]
[Result "1-0"]
[WhiteElo "1884"]
[BlackElo "1731"]
[WhiteFideId "1703838"]
[BlackFideId "2300788"]
[EventDate "2012.03.06"]

1. e4 e6 2. Nf3 d5 3. e5 c5 4. b4 b6 5. c3 Bb7 6. a3 Nc6 7. d4 c4 8. a4 Nge7 9.
h4 Qc7 10. Na3 a6 11. h5 Nf5 12. Nc2 Be7 13. g4 Nh6 14. Bh3 Ng8 15. Bf4 O-O-O
16. Na3 Nxb4 17. cxb4 Bxb4+ 18. Kf1 Kb8 19. Nc2 a5 20. Bg3 Ne7 21. Bh4 Rde8 22.
Na3 Bc6 23. Nc2 Bd7 24. Ng5 Ref8 25. Nxb4 axb4 26. Ne4 Nc8 27. Nd6 Nxd6 28. exd6
Qa7 29. Be7 Rc8 30. Kg2 Qa5 31. Qf3 b5 32. Rhb1 f6 33. h6 gxh6 34. Qxf6 1-0

[Event "Reykjavik Open"]
[Site "Reykjavik ISL"]
[Date "2012.03.10"]
[Round "5.86"]
[White "Fivelstad, Jon Olav"]
[Black "Hauksdottir, Hrund"]
[Result "1-0"]
[WhiteElo "1879"]
[BlackElo "1627"]
[WhiteFideId "1510339"]
[BlackFideId "2302608"]
[EventDate "2012.03.06"]

1. d4 d5 2. c4 c6 3. Nf3 Nf6 4. e3 e6 5. b3 Nbd7 6. Bd3 Be7 7. O-O O-O 8. Nbd2
dxc4 9. Nxc4 c5 10. Bb2 b6 11. Rc1 Bb7 12. Qe2 Rc8 13. Rfd1 Nd5 14. Bb1 cxd4 15.
Nxd4 Bc5 16. Qh5 N7f6 17. Qh4 Qe8 18. Nb5 h6 19. Ncd6 Bxd6 20. Nxd6 Rxc1 21.
Rxc1 Qd7 22. Nxb7 Qxb7 23. e4 Ne7 24. Qg3 Ng6 25. Rc7 Rd8 26. Rc1 Qd7 27. Rf1
Qd2 28. Bc1 Qd4 29. Be3 Qb4 30. h4 Kh8 31. Qc7 Qe7 32. Qxe7 Nxe7 33. Rc1 Ng6 34.
Kf1 Ng4 35. Ke2 Nxe3 36. Kxe3 Rd7 37. e5 Nxe5 38. Rc8+ 1-0

[Event "Reykjavik Open"]
[Site "Reykjavik ISL"]
[Date "2012.03.10"]
[Round "5.87"]
[White "Jonsson, Olafur Gisli"]
[Black "Einarsson, Oskar Long"]
[Result "1-0"]
[WhiteElo "1877"]
[BlackElo "1618"]
[WhiteFideId "2302705"]
[BlackFideId "2309220"]
[EventDate "2012.03.06"]

1. d4 Nf6 2. Nf3 g6 3. c4 Bg7 4. Nc3 d5 5. e3 O-O 6. Qb3 dxc4 7. Bxc4 Nc6 8. Bb5
Na5 9. Qc2 b6 10. b4 Nb7 11. Bc6 Rb8 12. O-O Qd6 13. Nb5 Qd8 14. Nxa7 Bd7 15.
Bxd7 Qxd7 16. Ne5 Qd6 17. Nac6 Rbc8 18. Bd2 Nd7 19. Nxd7 Qxd7 20. Rfc1 Nd8 21.
Na7 Ra8 22. Qxc7 Rxa7 23. Qxb6 Rb7 24. Qa6 Ne6 25. a4 Ra7 26. Qc6 Nxd4 27. exd4
Qxd4 28. Be3 Qxb4 29. Bxa7 Bxa1 30. Rxa1 Rd8 31. g3 Qg4 32. Be3 Rd6 33. Qc1 h5
34. a5 Ra6 35. Bb6 h4 36. Qf4 Qc8 37. Rc1 Qd7 38. Qxh4 Ra8 39. Qe4 Re8 40. Qc6
Qxc6 41. Rxc6 Ra8 42. Bd4 Kh7 43. a6 Rd8 44. a7 1-0